| 000 | 00522nam a22001817a 4500 | ||
|---|---|---|---|
| 003 | SISC | ||
| 005 | 20160308142447.0 | ||
| 008 | 130122t xxu||||| |||| 00| 0 eng d | ||
| 050 |
_aPJ 7826 _b.F394 1959 |
||
| 082 |
_aHS 808.83 _bK12 1970 |
||
| 100 |
_aFerris, Anthony Rizcallah _914926 |
||
| 245 |
_aKahlil Gibran : _c Kahlil Gibran. _ba self-portrait / |
||
| 260 |
_aLondon ; New York : _bHeinemann ; Citadel Press, _cc1959. |
||
| 300 |
_a94 p. ; _c21 cm. |
||
| 650 |
_aFiction _9746 |
||
| 942 |
_2lcc _cBK |
||
| 999 |
_c9753 _d9753 |
||